The life of buddha : (Record no. 125116)

MARC details
000 -LEADER
fixed length control field 00776nam a22002297a 4500
005 - DATE AND TIME OF LATEST TRANSACTION
control field 20170124105949.0
010 ## - LIBRARY OF CONGRESS CONTROL NUMBER
LC control number A-644681
020 ## - INTERNATIONAL STANDARD BOOK NUMBER
Terms of availability 00.00
International Standard Book Number 8121505463
035 ## - SYSTEM CONTROL NUMBER
System control number A-644681
037 ## - SOURCE OF ACQUISITION
Source of stock number/acquisition Cen Lib/Ret
040 ## - CATALOGING SOURCE
Original cataloging agency DPL
Language of cataloging EN
082 ## - DEWEY DECIMAL CLASSIFICATION NUMBER
Classification number 250.33
Item number THO
100 ## - MAIN ENTRY--PERSONAL NAME
Personal name Thomas, Edward J.
9 (RLIN) 13065
245 ## - TITLE STATEMENT
Title The life of buddha :
Statement of responsibility, etc by Edward J. Thomas
Remainder of title as legend and history /
260 ## - PUBLICATION, DISTRIBUTION, ETC. (IMPRINT)
Place of publication, distribution, etc New Delhi
Name of publisher, distributor, etc Munshiram Manoharlal Publishers
Date of publication, distribution, etc 1992
270 ## - ADDRESS
Address Post Box 5715, 54 Rani Jhansi Road
City New Delhi
Postal code 110055
300 ## - PHYSICAL DESCRIPTION
Extent xxiv, 297p.
Dimensions 22cm(Hb)
500 ## - GENERAL NOTE
General note Includes bibliographic references and index
650 ## - SUBJECT ADDED ENTRY--TOPICAL TERM
Topical term or geographic name as entry element Interfaith relations
9 (RLIN) 13066
650 ## - SUBJECT ADDED ENTRY--TOPICAL TERM
Topical term or geographic name as entry element Buddhism
9 (RLIN) 1068
942 ## - ADDED ENTRY ELEMENTS (KOHA)
Source of classification or shelving scheme Dewey Decimal Classification
Koha item type English Books
Classification part 250.33
Call number suffix THO
Holdings
Withdrawn status Lost status Damaged status Not for loan Home library Current library Date acquired Source of acquisition Cost, normal purchase price Total Checkouts Full call number Barcode Date last seen Copy number Cost, replacement price Price effective from Koha item type
        Central Library Central Library 19/06/2015 Cen Lib/Ret 0.00   250.33 THO A-644681 19/06/2015 1 0.00 19/06/2015 English Books

© Delhi Public Library
Hit Counter
free hit counter